Municípios da Região Metropolitana de Maringá (PR) no mapa - Statistics

Estatísticas Gerais
  • Esse quiz foi jogado 96 vezes
  • A pontuação média é 15 de 26
Respostas no mapa
Respostas codificadas por cores de uma escala verde-vermelha no mapa do quiz de acordo com a % correta abaixo.
 
Estatísticas das Respostas
Município % Correto
Maringá
96%
Sarandi
87%
Mandaguari
84%
Marialva
80%
Paiçandu
73%
Floresta
69%
Mandaguaçu
67%
Astorga
64%
Jandaia do Sul
62%
Nova Esperança
56%
Itambé
53%
Ângulo
51%
Doutor Camargo
49%
Iguaraçu
49%
Atalaia
47%
Cambira
45%
Flórida
45%
Presidente Castelo Branco
45%
Santa Fé
45%
Floraí
44%
Ivatuba
42%
Lobato
40%
Munhoz de Melo
40%
Ourizona
40%
Bom Sucesso
38%
São Jorge do Ivaí
38%
Nenhum quiz correspondente encontrado
Distribuição das Pontuações
Porcentagem de Pessoas com Cada Pontuação
Percentil de Números Respondidos
Sua Pontuação Histórica
Você não jogou esse quiz